The prophets on Main Street (Record no. 4137)
[ view plain ]
| 000 -LEADER | |
|---|---|
| fixed length control field | 00749cam a22002531 4500 |
| 001 - CONTROL NUMBER | |
| control field | 6119388 |
| 003 - CONTROL NUMBER IDENTIFIER | |
| control field | GBCCL |
| 005 - DATE AND TIME OF LATEST TRANSACTION | |
| control field | 20241126110511.0 |
| 008 - FIXED-LENGTH DATA ELEMENTS--GENERAL INFORMATION | |
| fixed length control field | 760921s1965 vau 000 0 eng |
| 010 ## - | |
| -- | 65010428 |
| 035 ## - SYSTEM CONTROL NUMBER | |
| System control number | (OCoLC)2454255 |
| 040 ## - CATALOGING SOURCE | |
| Original cataloging agency | DLC |
| Transcribing agency | OTifH |
| Modifying agency | OTifH |
| -- | OCoLC |
| -- | DLC |
| 042 ## - | |
| -- | premarc |
| 050 00 - | |
| -- | BS1505.5 |
| -- | .C6 |
| 082 ## - DEWEY DECIMAL CLASSIFICATION NUMBER | |
| Classification number | 224.06 |
| Item number | COR |
| 100 1# - MAIN ENTRY--PERSONAL NAME | |
| Personal name | Corbett, J. Elliott |
| Fuller form of name | (Jack Elliott), |
| Dates associated with a name | 1920- |
| 9 (RLIN) | 7899 |
| 245 14 - TITLE STATEMENT | |
| Title | The prophets on Main Street |
| Statement of responsibility, etc. | [by] J. Elliott Corbett. |
| 260 ## - PUBLICATION, DISTRIBUTION, ETC. | |
| Place of publication, distribution, etc. | Richmond, |
| Name of publisher, distributor, etc. | John Knox Press |
| Date of publication, distribution, etc. | [c1965] |
| 300 ## - PHYSICAL DESCRIPTION | |
| Extent | 155, [5] p. |
| Dimensions | 21 cm. |
| 504 ## - BIBLIOGRAPHY, ETC. NOTE | |
| Bibliography, etc. note | Bibliography: p. [159] |
| 630 00 - SUBJECT ADDED ENTRY--UNIFORM TITLE | |
| Uniform title | Bible. |
| Name of part/section of a work | Prophets. |
| 9 (RLIN) | 7900 |
| 906 ## - LOCAL DATA ELEMENT F, LDF (RLIN) | |
| a | 7 |
| b | cbc |
| c | oclcrpl |
| d | u |
| e | ncip |
| f | 19 |
| g | y-gencatlg |
| 942 ## - ADDED ENTRY ELEMENTS (KOHA) | |
| Source of classification or shelving scheme | Dewey Decimal Classification |
| Koha item type | Books |
| Koha issues (borrowed), all copies | 10 |
| Withdrawn status | Lost status | Source of classification or shelving scheme | Damaged status | Not for loan | Home library | Current Library | Shelving location | Date acquired | Total checkouts | Total renewals | Full call number | Barcode | Date last seen | Date last checked out | Copy number | Price effective from | Koha item type |
|---|---|---|---|---|---|---|---|---|---|---|---|---|---|---|---|---|---|
| Dewey Decimal Classification | GRACE BIBLE COLLEGE | GRACE BIBLE COLLEGE | Biblical Studies | 2018-01-15 | 12 | 1 | 224.06 COR | 004925 | 2025-05-01 | 2025-02-28 | c.1 | 2018-01-15 | Books |